<?xml version="1.0" encoding="UTF-8"?>
<record
    xmlns:xsi="http://www.w3.org/2001/XMLSchema-instance"
    xsi:schemaLocation="http://www.loc.gov/MARC21/slim http://www.loc.gov/standards/marcxml/schema/MARC21slim.xsd"
    xmlns="http://www.loc.gov/MARC21/slim">

  <leader>01238nam a2200253 u 4500</leader>
  <controlfield tag="001">65181</controlfield>
  <controlfield tag="005">20260428104610.0</controlfield>
  <controlfield tag="008">960313s1988                        spa  </controlfield>
  <datafield tag="020" ind1=" " ind2=" ">
    <subfield code="a">9788476141618</subfield>
  </datafield>
  <datafield tag="035" ind1=" " ind2=" ">
    <subfield code="a">65181</subfield>
  </datafield>
  <datafield tag="035" ind1=" " ind2=" ">
    <subfield code="a">(OCoLC)778188256</subfield>
  </datafield>
  <datafield tag="040" ind1=" " ind2=" ">
    <subfield code="c">comduadb</subfield>
  </datafield>
  <datafield tag="041" ind1=" " ind2=" ">
    <subfield code="a">spa</subfield>
  </datafield>
  <datafield tag="082" ind1=" " ind2="4">
    <subfield code="a">001</subfield>
  </datafield>
  <datafield tag="100" ind1="1" ind2="0">
    <subfield code="a">Norton, Peter</subfield>
    <subfield code="4">aut</subfield>
    <subfield code="e">aut</subfield>
    <subfield code="9">238241</subfield>
  </datafield>
  <datafield tag="245" ind1="1" ind2="0">
    <subfield code="a">Gu&#xED;a del programador en ensamblador para IBM PC, XT, AT y compatibles</subfield>
  </datafield>
  <datafield tag="260" ind1=" " ind2=" ">
    <subfield code="a">Barcelona :</subfield>
    <subfield code="b">Anaya Multimedia,</subfield>
    <subfield code="c">1988.</subfield>
  </datafield>
  <datafield tag="300" ind1=" " ind2=" ">
    <subfield code="a">409 p&#xE1;ginas :</subfield>
    <subfield code="b">ilustraciones.</subfield>
  </datafield>
  <datafield tag="520" ind1="3" ind2=" ">
    <subfield code="a">RESUMEN : "Ense&#xF1;a c&#xF3;mo escribir todo tipo de programas completos en lenguaje ensamblador. Dividido en tres partes, comienza con un an&#xE1;lisis a fondo del 8088 en forma pr&#xE1;ctica haciendo uso del programa Debug del DOS. La segunda trata el lenguaje ensamblador, el desarrollo de programas y las t&#xE9;cnicas de programaci&#xF3;n de dise&#xF1;o modular y optimizaci&#xF3;n progresiva. La tercera parte se centra en las caracter&#xED;sticas m&#xE1;s avanzadas del PC, como las rutinas de la ROM BIOS."</subfield>
  </datafield>
  <datafield tag="650" ind1=" " ind2=" ">
    <subfield code="a">Ensamblador (Lenguaje de programacion de computadores)</subfield>
    <subfield code="9">172092</subfield>
  </datafield>
  <datafield tag="650" ind1=" " ind2="7">
    <subfield code="a">Programas para computador</subfield>
    <subfield code="2">lemb</subfield>
    <subfield code="9">2723</subfield>
  </datafield>
  <datafield tag="700" ind1="1" ind2="0">
    <subfield code="a">Socha, John</subfield>
    <subfield code="4">aut</subfield>
    <subfield code="e">aut</subfield>
    <subfield code="9">484897</subfield>
  </datafield>
  <datafield tag="942" ind1=" " ind2=" ">
    <subfield code="c">BOOK</subfield>
  </datafield>
  <datafield tag="999" ind1=" " ind2=" ">
    <subfield code="c">10031</subfield>
    <subfield code="d">10031</subfield>
  </datafield>
  <datafield tag="952" ind1=" " ind2=" ">
    <subfield code="0">0</subfield>
    <subfield code="1">0</subfield>
    <subfield code="4">0</subfield>
    <subfield code="7">0</subfield>
    <subfield code="8">SEMIACTIVA</subfield>
    <subfield code="a">BC</subfield>
    <subfield code="b">BC</subfield>
    <subfield code="d">1997-06-20</subfield>
    <subfield code="i">C105971</subfield>
    <subfield code="l">0</subfield>
    <subfield code="o">001.6424 N886g</subfield>
    <subfield code="p">61000000916086</subfield>
    <subfield code="r">2024-12-12 00:00:00</subfield>
    <subfield code="t">1</subfield>
    <subfield code="w">2023-04-20</subfield>
    <subfield code="y">BOOK</subfield>
  </datafield>
</record>
